Thermodynamics
Guardado en:
| Hovedforfatter: | |
|---|---|
| Format: | Bog |
| Sprog: | English |
| Udgivet: |
New York : Wiley
1959
|
| Fag: | |
| Tags: |
Tilføj Tag
Ingen Tags, Vær først til at tagge denne postø!
|
MARC
| LEADER | 00000nam a2200000Ia 4500 | ||
|---|---|---|---|
| 003 | 002410 | ||
| 005 | 20221231144005.0 | ||
| 008 | 140114s1959 us a 000 ||eng d | ||
| 040 | |c cru CEDI | ||
| 082 | |a 536.7 V285t | ||
| 100 | |a Van Wylen, Gordon John, 1920- |9 19715 | ||
| 245 | |a Thermodynamics | ||
| 260 | |a New York : Wiley |c 1959 | ||
| 300 | |a xxiii, 601 páginas ilustraciones. 24 cm. | ||
| 650 | |x TERMODINAMICA |9 21502 | ||
| 942 | |2 ddc |c BK | ||
| 999 | |c 15277 |d 15277 | ||
